000 01160cam a22003377a 4500
003 CHAP
005 20220329141134.0
008 971010s1984 r 00010 d
010 _a63220
011 _a64192
035 _a69443
040 _cCHAP
090 _aFolleto 9182
100 0 0 _aFernández Álamo, María Ana.
_940251
245 1 0 _aInvertebrados
260 _aMéxico, D. F. :
_bTrillas,
_c1984
300 _a83 p.
_b: ilus.
490 0 _aEl universo de la biología. Serie morfofisiología. Area conceptual
590 _aBATCH-UPD
_b10
_c20130110
_lUCH01
_h1631
590 _aBATCH-UPD
_b10
_c20130410
_lUCH01
_h1024
590 _aBATCH-UPD
_b10
_c20130914
_lUCH01
_h1400
590 _aCONVERSION
_b10
_c20130109
_lUCH01
_h1334
650 1 4 _aInvertebrados.
_960203
700 0 _aSegura Puertas, María de Lourdes.
_9103660
830 0 _aEl universo de la biología. Serie morfofisiología. Area conceptual
_936167
901 _aBK
942 _cFOLL
949 _aFolleto 9182
_bBC
_cFOLL
_d-149338
_eTS1
_i69443
_si
949 _aFolleto 9182
_bBC
_cFOLL
_d-149339
_eTS2
_fc.2
_i69443
_si
949 _aFolleto 9182
_bBC
_cFOLL
_d-149340
_eTS2
_fc.3
_i69443
_si
999 _c63220
_d63220